Online Catalogue and eLibrary

Women of South Asia / (Record no. 87)

MARC details
000 -LEADER
fixed length control field 00475nam a2200193 a 4500
001 - CONTROL NUMBER
control field 4485539
005 - DATE AND TIME OF LATEST TRANSACTION
control field 20231127054908.0
008 - FIXED-LENGTH DATA ELEMENTS--GENERAL INFORMATION
fixed length control field 960229s1995 ce a 000 0 eng
020 ## - INTERNATIONAL STANDARD BOOK NUMBER
ISBN 9556070133
040 ## - CATALOGING SOURCE (பட்டியலாக்க மூலம்)
Original cataloging agency DLC
Transcribing agency DLC
082 00 - DDC Classification
Class No. 305.42/0954
DDC Edition Number 21
Item Number - Author Mark KUM.
100 1# - MAIN ENTRY--PERSONAL NAME
Personal name Rosa, Kumudhini.
245 10 - TITLE STATEMENT
Title Women of South Asia /
Statement of responsibility, etc. Kumudhini Rosa.
260 ## - PUBLICATION, DISTRIBUTION, ETC.
Place of publication, distribution, etc. Colombo :
Name of publisher, distributor, etc. Friedrich-Ebert-Stiftung,
Date of publication, distribution, etc. 1995.
300 ## - PHYSICAL DESCRIPTION
Extent (e.g. Volumes, Pages etc.) 129 p.
650 #0 - SUBJECT ADDED ENTRY--TOPICAL TERM
Topical term or geographic name entry element Women
650 #0 - SUBJECT ADDED ENTRY--TOPICAL TERM
Topical term or geographic name entry element Women
942 ## - Koha item type (Biblio)
Koha item type Books in Stacks (Lending)
Holdings
Lost status Damaged status Collection code Home library Current library Date acquired Full call number Accession Number Item type
    Lending WERC Library WERC Library 11/27/2023 305.42/0954 KUM. 4011 Books in Stacks (Lending)

© WERC Library